[Event "St Petersburg Korchnoi Memorial op"]
[White "Bozhko, Aleksandr"]
[Black "Rombalskiy, Ivan"]
[Site "St Petersburg"]
[Round "6"]
[Result "0-1"]
[Date "2024.08.20"]
[WhiteElo "1716"]
[BlackElo "1546"]
[PlyCount "70"]
[EventDate "2024.08.17"]
[EventType "swiss"]
[EventRounds "9"]
[EventCountry "RUS"]
[SourceTitle "EXT 2025"]
[Source "ChessBase"]
[SourceDate "2024.10.14"]
[SourceVersion "1"]
[SourceVersionDate "2024.10.14"]
[SourceQuality "1"]

1. d4 d5 2. Bf4 c5 3. e3 cxd4 4. exd4 Bf5 5. c3 Nc6 6. Bd3 Bxd3 7. Qxd3 e6 8. Nf3 f6 9. 0-0 g5 10. Bg3 Kf7 11. Re1 Nge7 12. Qe2 Qd7 13. Na3 h5 14. h4 g4 15. Nd2 Nf5 16. Bf4 Bxa3 17. bxa3 Nxh4 18. Rab1 b6 19. Qd3 Ng6 20. Bh2 f5 21. c4 f4 22. cxd5 exd5 23. Rbc1 Rac8 24. Nf3 gxf3 25. Qxf3 Nxd4 26. Qd3 Rxc1 27. Rxc1 Nc6 28. Qf3 Nce5 29. Qc3 Re8 30. f3 Nc4 31. Kh1 Re3 32. Qd4 Qe6 33. Bxf4 Re1+ 34. Rxe1 Qxe1+ 35. Kh2 Qh4+ 0-1

[Event "St Petersburg Korchnoi Memorial op"]
[White "German, Nikita"]
[Black "Bozhko, Aleksandr"]
[Site "St Petersburg"]
[Round "1"]
[Result "1-0"]
[Date "2024.08.17"]
[WhiteElo "2064"]
[BlackElo "1716"]
[PlyCount "75"]
[EventDate "2024.08.17"]
[EventType "swiss"]
[EventRounds "9"]
[EventCountry "RUS"]
[SourceTitle "CBM 221 Extra"]
[Source "ChessBase"]
[SourceDate "2024.09.30"]
[SourceVersion "1"]
[SourceVersionDate "2024.09.30"]
[SourceQuality "1"]

1. e4 d5 2. exd5 Qxd5 3. Nc3 Qd6 4. d4 c6 5. Nf3 Bg4 6. Be3 Nf6 7. Bc4 e6 8. h3 Bh5 9. Qe2 Nbd7 10. g4 Bg6 11. Ne5 Nb6 12. Bb3 Ne4 13. Nxe4 Bxe4 14. f3 Bg6 15. h4 h6 16. Nxg6 fxg6 17. Qd3 0-0-0 18. 0-0-0 Nd5 19. Qxg6 Be7 20. Rde1 Bf6 21. Qe4 Rde8 22. g5 Bd8 23. c4 Nc7 24. Bf4 Qd7 25. Qe3 hxg5 26. hxg5 Rhf8 27. Be5 Rf7 28. Bc2 Be7 29. Bg6 Ref8 30. Bxf7 Rxf7 31. Kb1 b6 32. g6 Rf5 33. Bxc7 Kxc7 34. Qxe6 Qxe6 35. Rxe6 Bf6 36. Rhe1 Kb7 37. Rxf6 gxf6 38. Rg1 1-0